Apeetha / (Record no. 91259)

MARC details
000 -LEADER
fixed length control field 00625nam a22002057a 4500
010 ## - LCCN (DPL NO)
LC control number ENG-112108
020 ## - INTERNATIONAL STANDARD BOOK NUMBER
International Standard Book Number 9780199454129
Terms of availability 375.00
020 ## - INTERNATIONAL STANDARD BOOK NUMBER
International Standard Book Number 0199454124
Terms of availability 375.00
035 ## - SYSTEM CONTROL NUMBER
System control number EN-95640
037 ## - SOURCE OF ACQUISITION
Source of stock number/acquisition DBAD/PUB
082 ## - DEWEY DECIMAL CLASSIFICATION NUMBER
Classification number N
100 ## - MAIN ENTRY--PERSONAL NAME
Personal name Ramamirtham, La.Sa.
245 ## - TITLE STATEMENT
Title Apeetha /
Statement of responsibility, etc by La.Sa. Ramamirtham ; translated from Tamil by Padma Narayanan
260 ## - PUBLICATION, DISTRIBUTION, ETC. (IMPRINT)
Place of publication, distribution, etc New Delhi
Name of publisher, distributor, etc Oxford University Press
Date of publication, distribution, etc 2015
270 ## - ADDRESS
Address YMCA Library Building, 1, Jai Singh Road,
City New Delhi
Postal code 110001
300 ## - PHYSICAL DESCRIPTION
Extent xxxvi,141p.
Dimensions 18cm(pbk)
490 ## - SERIES STATEMENT
Series statement Oxford novellas
700 ## - ADDED ENTRY--PERSONAL NAME
Personal name Narayanan,Padma
942 ## - ADDED ENTRY ELEMENTS (KOHA)
Source of classification or shelving scheme Dewey Decimal Classification
Item type English Books
Call number suffix RAM
Classification part N
Holdings
Withdrawn status Lost status Not for loan Collection code Home library Current library Date acquired Source of acquisition Cost, normal purchase price Full call number Barcode Copy number Cost, replacement price Koha item type
    Not For Loan Fiction D.B.Act.Division D.B.Act.Division 06/02/2015 DBAD/PUB 375.00 N RAM EN-95640 1 375.00 English Books

© Delhi Public Library
Hit Counter
free hit counter